| 000 | 00581nam a22001817a 4500 | ||
|---|---|---|---|
| 005 | 20230914161010.0 | ||
| 008 | 230810b |||||||| |||| 00| 0 eng d | ||
| 020 | _a9780071 834421 | ||
| 041 | _aeng | ||
| 082 |
_a729.24 _bMEA |
||
| 100 |
_aMeadows D _9204307 |
||
| 245 | _aPreparing A Building Service Life Plan For Green Buildingd | ||
| 260 |
_aNew Delhi _bMc Graw Hill _c2014 |
||
| 300 |
_a144p _bHb _c23.5 x 15.5 |
||
| 365 |
_aINR _b3335.72 _cRupaye |
||
| 500 | _aBuilding Service Life Plan Building Identification BSLP General BSLP Major Building Elements | ||
| 942 | _cBK | ||
| 999 |
_c355764 _d355764 |
||